| 000 | 00655nam a2200253Ia 4500 | ||
|---|---|---|---|
| 003 | OSt | ||
| 005 | 20220918225647.0 | ||
| 006 | a|||||r|||| 00| 0 | ||
| 007 | ta | ||
| 008 | 220917b |||||||| |||| 00| 0 eng d | ||
| 024 | _a244,486 | ||
| 037 | _cTextual | ||
| 040 |
_aARTS _cARTS _beng |
||
| 041 |
_2eng _aeng |
||
| 082 | _aB38, L8 | ||
| 100 | _aConway John B | ||
| 245 | 0 | _aFunctions of one complex variable | |
| 250 | _a2nd | ||
| 260 |
_aNew Delhi _bNarosa Publishing House India _c1978 |
||
| 300 |
_axiii, 317 p. _ccm. |
||
| 650 |
_aMATHEMATICS _92141 |
||
| 942 |
_hB38, L8 _cTEXL _2CC |
||
| 999 |
_c285507 _d285507 |
||